CINTA HATIKU
| Main Author: | |
|---|---|
| Format: | Book |
| Language: | Malay |
| Subjects: |
| LEADER | 00590cam a2200217 7i4500 | ||
|---|---|---|---|
| 001 | 0000036706 | ||
| 005 | 20211124090000.0 | ||
| 007 | ##ta | ||
| 008 | 211124s2010 my e 000 f may | ||
| 020 | # | # | |a 9789675489143 |
| 040 | # | # | |a MATR |
| 090 | 0 | 0 | |a FM 899.2333 |b PIT |
| 100 | 0 | # | |a Pitteriah Abdullah |
| 245 | 1 | 0 | |a CINTA HATIKU |c Pitteriah Abdullah. |
| 264 | # | 0 | |a Shah Alam: |b Buku Prima, |c 2010. |
| 300 | # | # | |a 668 pages; |c 19 cm. |
| 336 | # | # | |a text |2 rdacontent |
| 337 | # | # | |a unmediated |2 rdamedia |
| 338 | # | # | |a volume |2 rdacarrier |
| 650 | 0 | 0 | |a Malay fiction |
| 999 | |a F000000009 |b Book |c Book |e BICplus | ||


